000 00728nam a22002297a 4500
005 20180705170912.0
008 180622b xxu||||| |||| 00| 0 eng d
010 _aB-224861
020 _a0761934154
_c480.00
035 _aB-224861, B-224858
037 _bBPPD/PUB
040 _adpl
_bEnglish
082 _a658.406
100 _aHarigopal ,K.
245 _aManagement of organizational change :
_cby K. Harigopal
_bleveraging transformation/
250 _a2nd ed
260 _aNew Delhi
_bResponse books
_c2007
270 _aB1/11, Mohan cooperative Industrial Area Mathura road
_bNew Delhi
_e110044
300 _a341p.
_c23 cm (pbk)
500 _aIncludes index
942 _cEN
_h658.40
_2ddc
_mHAR
999 _c152983
_d152983